Catálogo
 En Linea

Patriotisme et education. (Registro nro. 29348)

Detalles MARC
000 -CABECERA
campo de control de longitud fija 00559nam a2200157 a 4500
001 - NÚMERO DE CONTROL
campo de control 000029856
005 - FECHA Y HORA DE LA ÚLTIMA TRANSACCIÓN
campo de control 20200930055847.0
008 - DATOS DE LONGITUD FIJA--INFORMACIÓN GENERAL
campo de control de longitud fija 110426s1955 dr c 000 0 spa d
040 ## - FUENTE DE LA CATALOGACIÓN
Centro catalogador/agencia de origen DO-SdBNP
Lengua de catalogación spa
Centro/agencia transcriptor BNPHU
082 ## - NÚMERO DE LA CLASIFICACIÓN DECIMAL DEWEY
Número de clasificación xxx
Número de documento/Ítem P314
049 ## - FONDOS LOCALES (OCLC)
Fondos de biblioteca BNPD
245 00 - MENCIÓN DE TÍTULO
Título Patriotisme et education.
260 ## - PUBLICACIÓN, DISTRIBUCIÓN, ETC.
Lugar de publicación, distribución, etc. Ciudad Trujillo, República Dominicana :
Nombre del editor, distribuidor, etc. Henri Dechamps,
Fecha de publicación, distribución, etc. 1955
Lugar de fabricación/manufactura Haiti
300 ## - DESCRIPCIÓN FÍSICA
Extensión 11 p. :
Otras características físicas retr. ;
Dimensiones 23 cm.
500 ## - NOTA GENERAL
Nota general Un appel important du generalissime trujillo en vue de supprimer definitivement lʻanalphabetisme dans la Republique Dominicaine.
Existencias
Estado de retiro Estado de pérdida No para préstamo Código de colección Localización permanente Ubicación/localización actual Ubicación en estantería Fecha de adquisición Número de inventario Total de préstamos Signatura topográfica completa Código de barras Fecha visto por última vez Precio válido a partir de Tipo de ítem Koha
    Excluido de préstamo Patrimonio Dominicano Patrimonio Dominicano Patrimonio Dominicano En catalogación 26.04.2011 LF1   xxx P314 29856-10 25.06.2020 25.06.2020 Libro y Folleto Colección Patrimonio Dominicano

Con tecnología Koha